000 00385nam a2200133Ia 4500
008 220613s9999||||xx |||||||||||||| ||und||
100 _aMadhavi K
245 0 _aPsychology And Sociology Behavioural Science For First Year G N M Solved Text Paper Question Bank
250 _a1st(2021)
260 _bVijayam Publication
300 _a72
650 _aPsychology Nursing
942 _cNURS
999 _c11978
_d11978